ABBA-låtar - Sudden Death - Statistics

General Stats
  • This quiz has been taken 12 times
  • The average score is 16 of 20
Answers on the Grid
Answers color-coded by a green-red scale on the quiz's grid according to % correct below.
Agincourt
All That She Wants
Alpha Papa
Chiquitita
Ciao Bella
Dancing Queen
Does Your Mother Know
Don't Speak
Fernando
Gimme! Gimme! Gimme! (A Man After Midnight)
Honey, Honey
I Have A Dream
It Must Have Been Love
Killer Queen
Knowing Me, Knowing You
Lay All Your Love On Me
Mamma Mia
Meet Me In Valevåg
Money, Money, Money
No, No, No, No, No!
Rasputin
Rock Me Amadeus
Slipping Through My Fingers
SOS
Super Trouper
Take A Chance On Me
Thank You For The Music
The Final Countdown
The Name Of The Game
The Winner Takes It All
Until Tomorrow
Voulez-Vous
Waterloo
 
Answer Stats
Answer % Correct
Gimme! Gimme! Gimme! (A Man After Midnight)
100%
Lay All Your Love On Me
100%
Money, Money, Money
100%
Chiquitita
86%
Dancing Queen
86%
Does Your Mother Know
86%
Fernando
86%
Honey, Honey
86%
Mamma Mia
86%
SOS
86%
Super Trouper
86%
Knowing Me, Knowing You
71%
Slipping Through My Fingers
71%
Take A Chance On Me
71%
Thank You For The Music
71%
The Winner Takes It All
71%
Voulez-Vous
71%
Waterloo
71%
I Have A Dream
57%
The Name Of The Game
57%
No matching quizzes found
Score Distribution
Percent of People with Each Score
Percentile by Number Answered
Your Score History
You have not taken this quiz